[Event "40th IND-chT Open 2020"]
[Site "Ahmedabad"]
[Date "2020.02.10"]
[Round "6.10"]
[White "Harsha Bharathakoti"]
[Black "Satyapragyan, Swayangsu"]
[Result "1-0"]
[WhiteElo "2495"]
[BlackElo "2403"]
[Annotator "TA"]
[PlyCount "55"]
[EventDate "2020.02.05"]
[EventCountry "IND"]
[SourceTitle "playchess.com"]
[Source "ChessBase"]
[SourceQuality "1"]

{[%evp 9,55,0,0,-31,8,6,62,79,77,62,77,60,72,83,139,142,117,140,195,186,216,142,179,121,123,131,211,202,198,197,875,909,877,877,1100,1072,1100,1100,1092,1092,1092,1071,1023,1023,979,963,908,915]} 1. Nf3 d5 2. c4 d4 3. b4 f6 4. e3 e5 5. c5 a5 6. Bb5+ {A09: Réti Opening: 1 Nf3 d5 2 c4} (6. Nxe5 $5 fxe5 7. Qh5+ {[%mdl 64] Double Attack} Kd7 8. Qf5+ (8. Qxe5 $2 Qf6 $19) 8... Ke8 9. Qh5+ (9. Qxe5+ $2 Qe7 $19) 9... Kd7 10. Qf5+ (10. Qxe5 $2 Qf6 $19) 10... Ke8 11. Qh5+ (11. Qxe5+ $2 Qe7 $19) 11... Kd7 $11) 6... Nc6 7. exd4 exd4 (7... e4 $1 $11 8. d5 {[%mdl 64] Pin} Nge7) 8. O-O $14 {[#] White is slightly better.} axb4 $146 {[#]} ({Predecessor:} 8... Bd7 9. Re1+ Be7 10. d3 Nxb4 11. Nxd4 c6 12. Bc4 Kf8 13. Nc3 g6 14. Ne4 h5 {1-0 (29) Peralta,F (2478)-Bromann,T (2378) Aarhus 2002}) 9. Re1+ $1 Be7 $1 10. Qb3 Bd7 11. Bb2 Nh6 (11... Kf8 $142) 12. Bxc6 $1 $16 Bxc6 13. Nxd4 Qd5 (13... Bd5 $16 14. Qxb4 O-O) 14. Nxc6 $40 {[%mdl 128] White attacks with force.} Qxc6 15. d4 ({Resist} 15. Qxb4 $6 Nf5) 15... Nf5 16. Nd2 ({Better is} 16. a3 $18) 16... Rd8 $16 17. Ne4 h5 (17... Nxd4 $16 18. Bxd4 Rxd4 19. Nd6+ cxd6) 18. d5 $18 Rxd5 {[#]} 19. Bxf6 $1 {[%mdl 512]} Nd4 $2 {[#]} (19... Rf8) (19... gxf6 20. Qxd5) 20. Nd6+ $1 {[%mdl 512] White is clearly winning.} cxd6 21. Rxe7+ {[%mdl 64] Double Attack} Kf8 22. Qg3 {[%csl Ge7,Gf6][%cal Rg3g7]} Ne2+ 23. Rxe2 {[%csl Gf6][%cal Rg3g7]} gxf6 24. Qg6 dxc5 25. Rae1 {Threatening mate with Re8+.} Re5 26. Rxe5 fxe5 27. Qf5+ {[%mdl 64] Double Attack} Kg7 28. Rxe5 {Accuracy: White = 85%, Black = 41%.} 1-0

[Event "40th IND-chT Open 2020"]
[Site "Ahmedabad"]
[Date "2020.02.10"]
[Round "6.11"]
[White "Swayams, Mishra"]
[Black "Matta, Vinay Kumar"]
[Result "1-0"]
[WhiteElo "2485"]
[BlackElo "2319"]
[Annotator "TA"]
[PlyCount "93"]
[EventDate "2020.02.05"]
[EventCountry "IND"]
[SourceTitle "playchess.com"]
[Source "ChessBase"]
[SourceQuality "1"]

{[%evp 20,93,35,39,32,45,45,48,73,52,73,82,79,77,74,73,82,76,75,79,76,74,112,115,142,151,167,102,104,103,108,102,106,113,133,101,93,87,93,37,37,34,47,25,47,16,38,21,270,284,431,165,191,205,195,202,320,318,387,357,725,699,1137,1129,1261,1261,1139,1164,982,903,2100,1933,2040,4033,4606,4546]} 1. Nf3 Nf6 2. c4 g6 3. b3 Bg7 4. Bb2 O-O 5. g3 c5 6. Bg2 Nc6 7. O-O d5 8. cxd5 Nxd5 9. Bxg7 Kxg7 10. d4 cxd4 11. Nxd4 Ndb4 {A05: Réti Opening: 1 Nf3 Nf6.} 12. Nxc6 Qxd1 13. Rxd1 Nxc6 {White is slightly better.} 14. Nc3 Be6 {[#]} 15. Bxc6 $146 ({Predecessor:} 15. Nb5 Rfc8 16. Rac1 a6 17. Nc3 Nd8 18. f4 Kf8 19. Kf2 Ke8 20. Na4 Rxc1 21. Rxc1 Rc8 22. Rxc8 Bxc8 23. b4 Kd7 24. a3 Kc7 25. e4 e5 {½-½ (25) Sibilio,M (2295)-Janosevic,D (2360) Bratto 1984}) 15... bxc6 16. Na4 Rad8 17. Rac1 Rd5 18. e4 Rxd1+ 19. Rxd1 $16 {[%mdl 4096] Endgame KRB-KRN} Bg4 20. Rd3 e5 21. Nc5 Rc8 22. f3 Bh3 23. Kf2 ({White should play} 23. g4 $1 $18) 23... h5 24. Ke3 Rc7 25. Rd8 Kf6 26. f4 Ke7 27. Rd2 exf4+ 28. gxf4 Rc8 29. f5 ({White should try} 29. Rd4 $16) 29... gxf5 $14 30. Rd7+ Kf6 {And now ...f4+! would win.} 31. Rxa7 Rg8 32. a4 {[%cal Ba2a4,Ba4a5,Ba5a6][%mdl 32]} Rg2 33. a5 {Threatens to win with a6.} Rxh2 $2 (33... Rc2 $1 $11 {and Black stays safe.} 34. Nd7+ Kg5) 34. a6 $1 $18 {aiming for Rxf7+!} Bf1 {[#]} (34... Rc2 {was necessary.}) 35. Rc7 $2 (35. Rxf7+ $3 {[%mdl 512]} Kxf7 36. a7) 35... Bxa6 36. Rxc6+ ({Much less strong is} 36. Nxa6 $6 Rh3+ 37. Kd4 Rxb3 $16) 36... Kg5 37. Rxa6 {KRN-KR} f4+ {[#]} (37... h4 {was called for.} 38. exf5 Kxf5) 38. Kd4 $1 h4 39. Nd3 Re2 $2 (39... Rg2 40. Ra8 f3) 40. Ra5+ {White is clearly winning.} Kg4 41. Rf5 {[%mdl 64] Double Attack} h3 42. Rxf4+ Kg3 43. Rxf7 h2 44. Rg7+ Kh4 45. Rh7+ Kg3 46. e5 Kf3 {[#]} 47. e6 $1 {Accuracy: White = 70%, Black = 51%.} 1-0

[Event "40th IND-chT Open 2020"]
[Site "Ahmedabad"]
[Date "2020.02.10"]
[Round "6.12"]
[White "Rahul Srivatshav P"]
[Black "Gokhale, Chandrashekhar"]
[Result "1-0"]
[WhiteElo "2474"]
[BlackElo "2158"]
[Annotator "TA"]
[PlyCount "119"]
[EventDate "2020.02.05"]
[EventCountry "IND"]
[SourceTitle "playchess.com"]
[Source "ChessBase"]
[SourceQuality "1"]

{[%evp 19,119,78,89,76,91,78,92,84,106,45,66,68,101,86,135,104,109,109,156,130,140,22,59,58,54,50,45,42,48,43,61,36,82,46,198,46,50,47,53,52,81,81,101,88,379,85,85,88,88,82,101,73,81,81,81,54,66,33,93,93,93,93,93,93,87,72,68,75,70,66,66,66,115,66,66,45,45,45,115,115,115,66,66,45,45,45,59,72,115,115,160,115,5639,5639,5639,5635,5546,5546,29988,29989,29982,5527]} 1. d4 d6 2. Nf3 Nd7 3. c4 e5 4. Nc3 Ngf6 5. e4 g6 6. Be2 Bg7 7. O-O O-O 8. Be3 c6 9. d5 c5 10. Ne1 a6 11. a4 {E94: King's Indian: Classical: 6 Be2 e5 7 0-0: Various Black 7th moves.} b6 12. Nd3 {[#]} Qe7 $146 ({Predecessor:} 12... Bb7 13. Qc2 Ne8 14. Qb3 Rb8 15. a5 bxa5 16. Qa4 f5 17. exf5 gxf5 18. Qc2 Nb6 {1-0 (43) Ruiz Jarabo Pelayo,F (2196)-Sifre Calafat,F (1741) ICCF email 2008}) 13. Qd2 {White is better.} Ne8 14. g4 (14. a5 $16) 14... Rb8 15. Kh1 Nc7 16. b4 f5 17. f3 a5 18. bxa5 bxa5 19. gxf5 gxf5 20. Nxc5 (20. exf5 $16 {Strongly threatening Ne4.} Ne8 21. Nf2) 20... f4 21. Bf2 Nxc5 22. Bxc5 dxc5 23. d6 {[%mdl 64] Double Attack} Qf7 {...Ne6 is the strong threat.} 24. dxc7 Qxc7 25. Nd5 Qa7 26. Rg1 $36 {[%mdl 2048] White has good play.} Be6 $2 {[#]} (26... Kh8 $14) 27. Rg5 $2 (27. Rxg7+ $1 $18 {[%mdl 512]} Kxg7 (27... Qxg7 28. Rg1) 28. Qc3) 27... Kh8 $14 28. Rag1 Rg8 29. Qe1 {And now Qh4! would win.} Bxd5 30. cxd5 {Threatens to win with d6.} c4 31. Bxc4 {aiming for d6.} Qd4 $2 {[%mdl 8192] [#]} (31... Bf6 $16 {is a better defense.} 32. Rxg8+ Rxg8) 32. Qf1 $2 (32. Qh4 $1 $18 {and the rest is easy.}) 32... Bf6 $16 33. Rxg8+ Rxg8 34. Rxg8+ Kxg8 35. d6+ Kf8 36. Bd5 Qb6 37. Qe1 Bd8 38. d7 Qd6 (38... Qd4 $14) 39. Qg1 Qxd7 40. Qg8+ Ke7 41. Qxh7+ Kd6 42. Qg6+ Kc5 43. Qg1+ Kd6 44. Qd1 Bb6 45. Qb3 Qc7 46. Qb2 Bd4 47. Qb1 Qb6 48. Qf1 Qb2 ({Better is} 48... Ke7 $14) 49. Qa6+ Qb6 50. Qc4 Qc5 51. Qd3 Qa7 52. Qb5 Qc7 53. Qe8 Qc1+ 54. Kg2 Qg1+ 55. Kh3 Qf1+ $2 {[%mdl 8192]} (55... Qg7 $16 56. Qd8+ Qd7+ 57. Qxd7+ Kxd7) 56. Kg4 $18 {Intending Qd8+ and mate.} Qg2+ 57. Kf5 {White threatens Qd8+ and mate.} Qh3+ 58. Kg6 Kc7 59. Qc6+ Kd8 60. Qd6+ {Accuracy: White = 67%, Black = 56%.} (60. Be6 $142 Qxe6+ 61. Qxe6 Bf2 62. Qxe5 {[%mdl 64] Double Attack} Kd7 63. Qxa5 Bh4 64. Qf5+ Kc6 65. Qxf4) 1-0

[Event "40th IND-chT Open 2020"]
[Site "Ahmedabad"]
[Date "2020.02.10"]
[Round "6.13"]
[White "Eshwanth Dev, Kumar J"]
[Black "Prasenjit Dutta"]
[Result "1-0"]
[WhiteElo "1850"]
[BlackElo "2285"]
[Annotator "RC"]
[PlyCount "189"]
[EventDate "2020.02.05"]
[EventCountry "IND"]
[SourceTitle "playchess.com"]
[Source "ChessBase"]
[SourceQuality "1"]
[TimeControl "5400+30"]

1. e4 {[%emt 1:30:30]} d6 {[%emt 1:30:30]} 2. d4 {[%emt 0:00:30]} Nd7 {[%emt 0:00:30]} 3. Nc3 {[%emt 0:00:30]} e5 {[%emt 0:00:30]} 4. Nf3 {[%emt 0:00:30]} c6 {[%emt 0:00:30]} 5. a4 {[%emt 0:00:30]} Be7 {[%emt 0:00:30]} 6. h3 {[%emt 0:00:30]} Ngf6 {[%emt 0:00:30]} 7. Bc4 {[%emt 0:00:30]} h6 {[%emt 0:00:30]} 8. Ba2 {[%emt 0:00:30]} Qc7 {[%emt 0:00:30]} 9. Be3 {[%emt 0:00:30]} Nf8 {[%emt 0:00:30]} 10. Qd2 {[%emt 0:00:30]} a6 {[%emt 0:00:30]} 11. a5 {[%emt 0:00:30]} Ng6 {[%emt 0:00:30]} 12. O-O {[%emt 0:00:30]} Be6 {[%emt 0:00:30]} 13. Bxe6 {[%emt 0:00:30]} fxe6 {[%emt 0:00:30]} 14. dxe5 {[%emt 0:00:30]} dxe5 {[%emt 0:00:30]} 15. Qe2 {[%emt 0:00:30]} c5 {[%emt 0:00:30]} 16. Qc4 {[%emt 0:00:30]} Qc6 {[%emt 0:00:30]} 17. Ne1 {[%emt 0:00:30]} O-O {[%emt 0:00:30]} 18. Nd3 {[%emt 0:00:30]} Rac8 {[%emt 0:00:30]} 19. f3 {[%emt 0:00:30]} Kh7 {[%emt 0:00:30]} 20. g3 {[%emt 0:00:30]} Nd7 {[%emt 0:00:30]} 21. Kg2 {[%emt 0:00:30]} Rf6 {[%emt 0:00:30]} 22. h4 {[%emt 0:00:30]} Nh8 {[%emt 0:00:30]} 23. Nf2 {[%emt 0:00:30]} Rff8 {[%emt 0:00:30]} 24. Ng4 {[%emt 0:00:30]} Nf7 {[%emt 0:00:30]} 25. Rfd1 {[%emt 0:00:30]} Nf6 {[%emt 0:00:30]} 26. Nf2 {[%emt 0:00:30]} Rg8 {[%emt 0:00:30]} 27. Rh1 {[%emt 0:00:30]} Rge8 {[%emt 0:00:30]} 28. Na4 {[%emt 0:00:30]} Bf8 {[%emt 0:00:30]} 29. Nb6 {[%emt 0:00:30]} Rc7 {[%emt 0:00:30]} 30. Nd3 {[%emt 0:00:30]} Nd7 {[%emt 0:00:30]} 31. Nxd7 {[%emt 0:00:30]} Qxd7 {[%emt 0:00:30]} 32. Bf2 {[%emt 0:00:30]} Bd6 {[%emt 0:00:30]} 33. Rhd1 {[%emt 0:00:30]} Qe7 {[%emt 0:00:30]} 34. Be3 {[%emt 0:00:30]} Rg8 {[%emt 0:00:30]} 35. Rh1 {[%emt 0:00:30]} Nd8 {[%emt 0:00:30]} 36. h5 {[%emt 0:00:30]} Rf8 {[%emt 0:00:30]} 37. Rh4 {[%emt 0:00:30]} Rf6 {[%emt 0:00:30]} 38. c3 {[%emt 0:00:30]} Qf8 {[%emt 0:00:30]} 39. Ne1 {[%emt 0:00:30]} Nc6 {[%emt 0:00:30]} 40. b3 {[%emt 0:00:30]} Rcf7 {[%emt 0:00:30]} 41. Rg4 {[%emt 0:00:30]} Rc7 {[%emt 0:00:30]} 42. Ra2 {[%emt 0:00:30]} Be7 {[%emt 0:00:30]} 43. Ra1 {[%emt 0:00:30]} Rd7 {[%emt 0:00:30]} 44. f4 {[%emt 0:00:30]} Qd8 {[%emt 0:00:30]} 45. Qe2 {[%emt 0:00:30]} exf4 {[%emt 0:00:30]} 46. gxf4 {[%emt 0:00:30]} Nxa5 {[%emt 0:00:30]} 47. Nf3 {[%emt 0:00:30]} Nc6 {[%emt 0:00:30]} 48. Rg1 {[%emt 0:00:30]} Bf8 {[%emt 0:00:30]} 49. Nh4 {[%emt 0:00:30]} Qa5 {[%emt 0:00:30]} 50. Qc2 {[%emt 0:00:30]} e5 {[%emt 0:00:30]} 51. Kh3 {[%emt 0:00:30]} Qb5 {[%emt 0:00:30]} 52. Ng6 {[%emt 0:00:30]} Bd6 {[%emt 0:00:30]} 53. Rd1 {[%emt 0:00:30]} Rdf7 {[%emt 0:00:30]} 54. Nh4 {[%emt 0:00:30]} Ne7 {[%emt 0:00:30]} 55. Nf3 {[%emt 0:00:30]} Kh8 {[%emt 0:00:30]} 56. Rxd6 {[%emt 0:00:30]} Qf1+ {[%emt 0:00:30]} 57. Qg2 {[%emt 0:00:30]} Qxg2+ {[%emt 0:00:30]} 58. Kxg2 {[%emt 0:00:30]} Rxd6 {[%emt 0:00:30]} 59. Nxe5 {[%emt 0:00:30]} Rff6 {[%emt 0:00:30]} 60. Bxc5 {[%emt 0:00:30]} Rd2+ {[%emt 0:00:30]} 61. Kf3 {[%emt 0:00:30]} Nc6 {[%emt 0:00:30]} 62. Ng6+ {[%emt 0:00:30]} Kg8 {[%emt 0:00:30]} 63. e5 {[%emt 0:00:30]} Rf5 {[%emt 0:00:30]} 64. Rh4 {[%emt 0:00:30]} Rd1 {[%emt 0:00:30]} 65. Ke4 {[%emt 0:00:30]} Rf7 {[%emt 0:00:30]} 66. Bd6 {[%emt 0:00:30]} Nd8 {[%emt 0:00:30]} 67. Ne7+ {[%emt 0:00:30]} Kh7 {[%emt 0:00:30]} 68. f5 {[%emt 0:00:30]} Re1+ {[%emt 0:00:30]} 69. Kd5 {[%emt 0:00:30]} Nc6 {[%emt 0:00:30]} 70. Nxc6 {[%emt 0:00:30]} bxc6+ {[%emt 0:00:30]} 71. Ke6 {[%emt 0:00:30]} Rb7 {[%emt 0:00:30]} 72. b4 {[%emt 0:00:30]} Re3 {[%emt 0:00:30]} 73. Rc4 {[%emt 0:00:30]} Rh3 {[%emt 0:00:30]} 74. Rxc6 {[%emt 0:00:30]} Rxh5 {[%emt 0:00:30]} 75. Rxa6 {[%emt 0:00:30]} Rg5 76. f6 {[%emt 0:00:30]} h5 {[%emt 0:01:00]} 77. f7 {[%emt 0:00:30]} Rg6+ {[%emt 0:00:30]} 78. Kd5 {[%emt 0:00:30]} Rxf7 {[%emt 0:00:30]} 79. b5 {[%emt 0:00:30]} h4 {[%emt 0:00:30]} 80. b6 {[%emt 0:00:30]} h3 {[%emt 0:00:30]} 81. Ra1 {[%emt 0:00:30]} Rh6 {[%emt 0:00:30]} 82. Kc6 {[%emt 0:00:30]} g5 {[%emt 0:00:30]} 83. b7 {[%emt 0:00:30]} Rxb7 {[%emt 0:00:30]} 84. Kxb7 {[%emt 0:00:30]} g4 {[%emt 0:00:30]} 85. Kc7 {[%emt 0:00:30]} h2 {[%emt 0:00:30]} 86. e6 {[%emt 0:00:30]} Rxe6 {[%emt 0:00:30]} 87. Bxh2 {[%emt 0:00:30]} Re3 {[%emt 0:00:30]} 88. Rc1 {[%emt 0:00:30]} g3 {[%emt 0:00:30]} 89. Bg1 {[%emt 0:00:30]} Rf3 {[%emt 0:00:30]} 90. Bd4 {[%emt 0:00:30]} Kg6 {[%emt 0:00:30]} 91. Kd6 {[%emt 0:00:30]} Kf5 {[%emt 0:00:30]} 92. Rg1 {[%emt 0:00:30]} Kg4 {[%emt 0:00:30]} 93. Be5 {[%emt 0:00:30]} Rd3+ {[%emt 0:00:30]} 94. Ke6 {[%emt 0:00:30]} Kh3 {[%emt 0:00:30]} 95. Rxg3+ {[%emt 0:00:30]} 1-0

[Event "40th IND-chT Open 2020"]
[Site "Ahmedabad"]
[Date "2020.02.10"]
[Round "6.14"]
[White "Santu, Mondal"]
[Black "Sibi Visal R"]
[Result "0-1"]
[WhiteElo "2093"]
[BlackElo "2074"]
[Annotator "NA RC"]
[PlyCount "140"]
[EventDate "2020.02.05"]
[EventCountry "IND"]
[SourceTitle "playchess.com"]
[Source "ChessBase"]
[SourceQuality "1"]
[TimeControl "5400+30"]

{[%evp 28,133,-56,-73,32767,-76,32767,-77,-62,-72,-78,-190,32767,32767,32767,32767,32767,32767,32767,32767,32767,32767,32767,32767,32767,32767,32767,32767,32767,32767,32767,-100,-20,-189,-147,-163,-166,-159,-148,-166,-167,-233,-112,-136,-97,-114,-39,-208,-213,-203,-231,-202,-162,-233,-224,-218,32767,32767,-303,-311,-534,-380,-90,-233,-264,-270,-251,-373,-419,-625,-467,-479,-1394,-579,-350,32767,32767,32767,32767,-411,32767,32767,32767,32767,32767,-12851,-12851,-4653,-6854,-12851,-6034,-4631,-27999,-12851,-10146,-12798,-29972,-6872,-29972,-29984,-29973,-29986,-29987,-29987,-29988,-12851,-29989,-29989]} 1. d4 {[%emt 1:30:30]} Nf6 {[%emt 1:30:30]} 2. g3 {[%emt 0:00:30]} d5 {[%emt 0:00:30]} 3. c4 {[%emt 0:00:30]} e6 {[%emt 0:00:30]} 4. Nf3 {[%emt 0:00:30]} dxc4 {[%emt 0:00:30]} 5. Bg2 {[%emt 0:00:30]} Bb4+ {[%emt 0:00:30]} 6. Bd2 {[%emt 0:00:30]} a5 {[%emt 0:00:30]} 7. O-O {[%emt 0:00:30]} O-O {[%emt 0:00:30] E04: Open Catalan: 5 Nf3.} 8. Qc2 {[%emt 0:00:30] Nowadays more popular than 8.Bg5.} Bxd2 {[%emt 0:00:30]} 9. Nbxd2 {[%emt 0:00:30]} b5 {[%emt 0:00:30]} 10. a4 {[%emt 0:00:30]} c6 {[%emt 0:00:30]} 11. e4 {[%emt 0:00:30]} Na6 {[%emt 0:00:30]} 12. e5 {[%emt 0:00:30]} Nd5 {[%emt 0:00:30]} 13. Ne4 {[%emt 0:00:30]} Nab4 {[%emt 0:00:30] [#]} 14. Qe2 $146 {[%emt 0:00:30]} ({Predecessor:} 14. Qd2 Nb6 15. axb5 cxb5 16. Nd6 Bd7 17. Ng5 Bc6 18. f4 Bxg2 19. Kxg2 N6d5 20. Rf3 {1-0 (40) Shapiro,D (2044)-Sorochan,D (2034) Samara 2013}) 14... Nd3 {[%emt 0:00:30]} 15. Ne1 {[%emt 0:00:30]} Ba6 {[%emt 0:00:30]} 16. Nxd3 {[%emt 0:00:30]} cxd3 {[%emt 0:00:30]} 17. Qd2 {[%emt 0:00:30]} Nb4 {[%emt 0:00:30]} 18. Nd6 {[%emt 0:00:30]} Qb6 {[%emt 0:00:30]} 19. Rac1 {[%emt 0:00:30]} (19. Qc3 $17 {might work better.}) 19... Qxd4 {[%emt 0:00:30]} 20. axb5 {[%emt 0:00:30]} Qxe5 {[%emt 0:00:30]} 21. Nc4 {[%emt 0:00:30]} Qxb5 {[%emt 0:00:30]} 22. Rfe1 {[%emt 0:00:30]} Nc2 {[%emt 0:00:30]} 23. Re4 {[%emt 0:00:30]} Qb4 {[%emt 0:00:30]} 24. Qxd3 {[%emt 0:00:30]} f5 {[%emt 0:00:30]} 25. Rh4 {[%emt 0:00:30]} Ne1 {[%emt 0:00:30]} 26. Qe2 {[%emt 0:00:30]} Nxg2 {[%emt 0:00:30]} 27. Qxe6+ {[%emt 0:00:30]} Kh8 {[%emt 0:00:30]} 28. Kxg2 {[%emt 0:00:30]} Rf6 {[%emt 0:00:30]} 29. Qd7 {[%emt 0:00:30]} (29. Qe5 $15) 29... f4 {[%emt 0:00:30]} ({Black should try} 29... h6 $17 30. Qd4 Bb7) 30. Rg4 $2 {[%emt 0:00:30]} (30. Rxf4 $11 {and White is okay.} Rxf4 31. gxf4) 30... Rg8 {[%emt 0:00:30]} 31. Qd4 {[%emt 0:00:30] [#]} c5 $1 {[%emt 0:00:30]} 32. Qc3 {[%emt 0:00:30]} Qb7+ {[%emt 0:00:30]} 33. Kg1 {[%emt 0:00:30]} fxg3 {[%emt 0:00:30]} 34. hxg3 {[%emt 0:00:30]} (34. Rxg3 {might work better.} Bxc4 35. Qxc4) 34... Rh6 {[%emt 0:00:30]} (34... Rgf8 $19 35. Rf4 Rxf4 36. gxf4 Qf7) 35. f3 {[%emt 0:00:30] [#]} Bxc4 $1 {[%emt 0:00:30]} 36. Rxc4 $17 {[%emt 0:00:30]} Rb6 {[%emt 0:00:30]} 37. Rh4 {[%emt 0:00:30]} (37. Rxc5 $17 Rb3 38. Qc2) 37... Rb3 {[%emt 0:00:30]} 38. Qc2 {[%emt 0:00:30]} h6 {[%emt 0:00:30]} 39. Qe4 {[%emt 0:00:30]} Qxe4 {[%emt 0:00:30]} 40. fxe4 {[%emt 0:00:30]} (40. Rxe4 $17 {was worth a try.} Rxb2 41. Ra4) 40... Rxb2 {[%emt 0:00:30]} 41. e5 {[%emt 0:00:30]} Ra8 {[%emt 0:00:30]} 42. Re4 {[%emt 0:00:30]} a4 {[%emt 0:00:30]} 43. e6 {[%emt 0:00:30]} a3 {[%emt 0:00:30]} 44. e7 {[%emt 0:00:30]} Rbb8 $2 (44... Re8 $19 45. Ra4 a2) 45. Ra1 {[%emt 0:00:30]} Re8 {[%emt 0:01:00]} 46. Re5 {[%emt 0:00:30]} Ra7 {[%emt 0:00:30]} 47. Rxc5 {[%emt 0:00:30]} Rexe7 {[%emt 0:00:30]} 48. Rc3 {[%emt 0:00:30]} (48. Ra2 $142 Re3 49. Kh2) 48... a2 {[%emt 0:00:30]} 49. Rc2 {[%emt 0:00:30]} Re3 {[%emt 0:00:30]} 50. Rcxa2 {[%emt 0:00:30]} Rxa2 {[%emt 0:00:30]} 51. Rxa2 {[%emt 0:00:30]} Rxg3+ {[%emt 0:00:30]} 52. Kh2 {[%emt 0:00:30]} Rb3 {[%emt 0:00:30]} 53. Kg2 {[%emt 0:00:30]} Kh7 {[%emt 0:00:30]} 54. Rc2 {[%emt 0:00:30]} h5 {[%emt 0:00:30]} 55. Ra2 {[%emt 0:00:30]} Kh6 {[%emt 0:00:30]} 56. Ra6+ {[%emt 0:00:30]} g6 {[%emt 0:00:30]} 57. Ra5 {[%emt 0:00:30]} h4 {[%emt 0:00:30]} 58. Kh2 {[%emt 0:00:30]} g5 {[%emt 0:00:30]} 59. Kg2 {[%emt 0:00:30]} Kh5 {[%emt 0:00:30]} (59... h3+ $19 60. Kh2 Kh5) 60. Ra4 {[%emt 0:00:30]} Rb2+ {[%emt 0:00:30]} 61. Kg1 {[%emt 0:00:30]} h3 {[%emt 0:00:30]} 62. Ra1 {[%emt 0:00:30]} g4 {[%emt 0:00:30]} 63. Rc1 {[%emt 0:00:30]} Rd2 {[%emt 0:00:30]} 64. Ra1 {[%emt 0:00:30]} g3 {[%emt 0:00:30]} 65. Ra5+ {[%emt 0:00:30]} Kg4 {[%emt 0:00:30]} 66. Ra4+ {[%emt 0:00:30]} Kf5 {[%emt 0:00:30]} 67. Ra5+ {[%emt 0:00:30]} Kf4 {[%emt 0:00:30]} 68. Ra1 {[%emt 0:00:30]} Ke3 {[%emt 0:00:30]} 69. Re1+ {[%emt 0:00:30]} Kd3 {[%emt 0:00:30]} 70. Ra1 {[%emt 0:00:30]} Ke2 {[%emt 0:00:30]} 0-1

[Event "40th IND-chT Open 2020"]
[Site "Ahmedabad"]
[Date "2020.02.10"]
[Round "6.15"]
[White "Sa, Kannan"]
[Black "Aradhya, Garg"]
[Result "0-1"]
[WhiteElo "1936"]
[BlackElo "2169"]
[Annotator "TA"]
[PlyCount "90"]
[EventDate "2020.02.05"]
[EventCountry "IND"]
[SourceTitle "playchess.com"]
[Source "ChessBase"]
[SourceQuality "1"]

{[%evp 9,108,-27,-24,-48,-34,-43,-33,-62,-47,-51,-40,-64,-60,-60,-66,-60,-60,-68,-50,-51,-46,-56,-60,-99,-99,-130,-128,-121,-130,-136,-130,-148,-138,-193,-176,-168,-179,-170,-175,-173,-159,-197,-197,-199,-190,-179,-151,-243,-242,-239,-225,-223,-165,-361,-349,-324,-245,-222,-207,-224,-237,-269,-273,-255,-245,-395,-388,-340,-343,-333,-337,-341,-332,-317,-289,-632,-629,-720,-755,-862,-833,-1367,-984,-6733,-29966,-29967,-5069,-4714,-923,-29976,-29977,-29980,-29981,-29984,-29985,-29984,-29985,-29985,-29986,-29985,-29986]} 1. d4 Nf6 2. Nf3 d5 3. c3 Bf5 4. Nbd2 h6 5. Ne5 e6 6. Ndf3 {D02: 1 d4 d5 2 Nf3 sidelines, including 2...Nf6 3 g3 and 2...Nf6 3 Bf4.} Bd6 7. Qb3 Qc8 {[#]} 8. h3 $146 {Black is slightly better.} ({Predecessor:} 8. Bf4 O-O 9. e3 Ne4 10. g4 Bh7 11. h4 f6 12. Nd3 g5 13. Bxd6 cxd6 14. Be2 {0-1 (42) Astasio Lopez,D (2250)-Gomez Esteban,J (2495) Zornotza 2009}) 8... Ne4 9. g4 Bh7 $1 10. Bf4 c5 11. Qa4+ Ke7 12. Nd3 c4 13. Bxd6+ $1 Nxd6 14. Nf4 $1 b5 15. Qd1 Nc6 {[%cal Bb8c6,Bc6a5,Ba5b3][%mdl 32]} 16. a3 Na5 17. Nd2 g5 $36 {[%mdl 2048] Black has strong initiative.} 18. Nh5 Ne4 $1 19. Nxe4 Bxe4 (19... dxe4 20. Bg2 $15) 20. f3 Bg6 21. Ng3 (21. Bg2 $17) 21... Nb3 $19 22. Ra2 Qc7 {[%cal Rc7g3]} 23. Kf2 h5 24. gxh5 Bxh5 25. Bg2 Bg6 26. e3 a5 27. Nf1 {[#]} b4 $1 {[%mdl 512]} 28. Nd2 (28. Nh2 $17) (28. axb4 axb4) 28... bxc3 29. bxc3 Rab8 30. a4 Rb6 31. Qg1 $2 (31. Re1 {is a better defense.}) 31... Rhb8 32. Bf1 Kf6 ({Not} 32... f6 33. h4 $17) 33. h4 gxh4 34. f4 {[#]} Nxd2 $1 35. Qg5+ Kg7 36. Rxd2 {[#]} Qd8 $1 {[%cal Rd8g5] And now ...Qxg5 would win.} 37. Qxd8 (37. Qg4 {was forced.}) 37... Rxd8 38. Rxh4 Rdb8 39. f5 Rb2 ({Don't play} 39... Bxf5 40. e4) ({Weaker is} 39... exf5 40. Bg2 $17) 40. Rxb2 Rxb2+ {[%mdl 4096] Endgame KRB-KRB} 41. Kg3 Bxf5 42. Bg2 $2 (42. e4 dxe4 43. Rh2) 42... Re2 43. Bf3 Rxe3 44. Kf4 Rxc3 45. Bxd5 Kg6 {Played: Rc3-d3} 0-1